Vista normal Vista MARC

Entrada Topical Term

Número de registros utilizados en: 1

001 - CONTROL NUMBER

  • control field: 5155

003 - CONTROL NUMBER IDENTIFIER

  • control field: OSt

005 - DATE AND TIME OF LATEST TRANSACTION

  • control field: 20200606224737.0

008 - FIXED-LENGTH DATA ELEMENTS

  • fixed length control field: 200606|| aca||aabn | a|a d

040 ## - CATALOGING SOURCE

  • Original cataloging agency: OSt
  • Transcribing agency: OSt

150 ## - HEADING--TOPICAL TERM

  • Topical term or geographic name entry element: Filosofía

670 ## - SOURCE DATA FOUND

  • Source citation: Work cat.: (OSt)4735: Sen, Amartya, autora 2522, Sobre ética y economía /, ©2011